[Event "Tourn. n9202"]
[Site "www.chess-mail.com"]
[Date "2017.02.26"]
[Round "1"]
[White "Picifarkinca"]
[Black "Genius3"]
[WhiteElo "1810"]
[BlackElo "1950"]
[Result "1-0"]
[Round "1"]
1.Ng1f3 d5
2.d4 Ng8f6
3.c4 e6
4.Bc1g5 Bf8b4
5.Nb1c3 c5
6.a3 Bb4xc3
7.bxc3 Qd8a5
8.Bg5xf6 Qa5xc3
9.Nf3d2 gxf6
10.e3 cxd4
11.exd4 Qc3xd4
12.cxd5 Qd4xd5
13.Qd1f3 Qd5xf3
14.Nd2xf3 Nb8c6
15.O-O-O Bc8d7
{ time. }
1-0

[Event "Tourn. n9223"]
[Site "www.chess-mail.com"]
[Date "2017.02.26"]
[Round "1"]
[White "Cal"]
[Black "Autmich"]
[WhiteElo "1640"]
[BlackElo "1680"]
[Result "0-1"]
[Round "1"]
1.d4 Ng8f6
2.Nb1c3 g6
3.h3 Bf8g7
4.Ng1f3 d5
5.e3 O-O
6.a3 c5
7.dxc5 Nb8c6
8.Bf1b5 Qd8a5
9.Bb5xc6 bxc6
10.b4 Qa5c7
11.O-O e5
12.Nf3g5 Bc8e6
13.Qd1f3 e4
14.Qf3e2 Qc7e5
15.f4 Qe5xc3
16.Bc1d2 Qc3c4
17.Qe2d1 d4
18.exd4 Qc4xd4
19.Kh1 Rf8d8
20.Ng5xe6 fxe6
21.Qd1e2 Qd4xd2
22.Qe2c4 Qd2d4
23.Qc4xe6 Kh8
24.Ra1d1 Qd4c3
25.Qe6xc6 Qc3xc2
26.Rd1xd8 Ra8xd8
27.f5 Qc2e2
28.Rf1g1 Rd8d1
29.Qc6c8 Nf6g8
30.Rg1xd1 Qe2xd1
31.Kh2 e3
32.c6 e2
33.c7 Bg7e5
34.g3 Be5xg3
35.Kxg3 e1Q
36.Kf4 Qd1d4
37.Kg5 Qe1g3
{ resign }
0-1

[Event "Tourn. n9259"]
[Site "www.chess-mail.com"]
[Date "2017.02.26"]
[Round "1"]
[White "Milkyway"]
[Black "Libiesse"]
[WhiteElo "1970"]
[BlackElo "1810"]
[Result "1/2-1/2"]
[Round "1"]
1.d4 d5
2.Bc1f4 e6
3.e3 Ng8f6
4.Ng1f3 Nb8d7
5.Bf1d3 c5
6.c3 c4
7.Bd3c2 b5
8.Nb1d2 Qd8b6
{ draw }
1/2-1/2

[Event "Tourn. n9133"]
[Site "www.chess-mail.com"]
[Date "2017.02.26"]
[Round "1"]
[White "Genius3"]
[Black "Bigrezi"]
[WhiteElo "1850"]
[BlackElo "1910"]
[Result "0-1"]
[Round "1"]
1.d4 Ng8f6
2.c4 g6
3.b3 Bf8g7
4.Bc1b2 d5
5.e3 Nb8c6
6.Ng1f3 O-O
7.Nb1d2 Bc8f5
8.a3 e6
9.Bf1e2 a5
10.O-O Nf6d7
11.Ra1c1 Rf8e8
12.Rf1e1 e5
13.cxd5 Nc6e7
14.dxe5 Ne7xd5
15.e4 Bf5xe4
16.Nd2xe4 Nd7xe5
17.Nf3xe5 Bg7xe5
18.Bb2xe5 Re8xe5
19.Be2f3 c6
20.Ne4g3 Re5xe1
21.Qd1xe1 Qd8b6
22.Bf3xd5 cxd5
23.h4 Qb6xb3
24.Rc1b1 { time. }
0-1

[Event "Tourn. n9113"]
[Site "www.chess-mail.com"]
[Date "2017.02.26"]
[Round "1"]
[White "Xkafi"]
[Black "Genius3"]
[WhiteElo "1940"]
[BlackElo "1860"]
[Result "1-0"]
[Round "1"]
1.e4 e5
2.Bf1c4 Ng8f6
3.d3 c6
4.Qd1f3 Bf8e7
5.a3 O-O
6.Qf3g3 Rf8e8
7.Ng1h3 Be7f8
8.Bc1g5 d5
9.exd5 cxd5
10.Bc4b5 Bc8d7
11.Bb5xd7 Nb8xd7
12.O-O Kh8
13.Nb1c3 h6
14.Qg3h4 Bf8e7
15.Bg5d2 Nf6e4
16.Bd2g5 Ne4xg5
17.Nh3xg5 Be7xg5
18.Qh4h3 Kg8
19.Nc3xd5 Nd7b6
20.Nd5c3 Bg5f6
21.Nc3e4 Nb6d5
22.Rf1e1 Ra8c8
23.Ra1c1 Nd5f4
24.Qh3g3 Rc8c6
25.Re1e3 Nf4g6
26.Re3f3 Re8e6
27.c4 Ng6f4
28.Rc1c2 b5
29.c5 Bf6e7
30.b4 f5
31.Ne4c3 Re6g6
32.Qg3xg6 Nf4xg6
{ time. }
1-0

[Event "Tourn. n9199"]
[Site "www.chess-mail.com"]
[Date "2017.02.26"]
[Round "1"]
[White "Genius3"]
[Black "Johnmcbride"]
[WhiteElo "1930"]
[BlackElo "1940"]
[Result "0-1"]
[Round "1"]
1.e4 e5
2.Ng1f3 d6
3.d4 exd4
4.Nf3xd4 Bc8d7
5.Nb1c3 c5
6.Nd4e2 a6
7.Ne2g3 g6
8.Bf1e2 Bf8g7
9.O-O Ng8e7
10.Bc1e3 O-O
11.Qd1xd6 b6
12.Ra1d1 Nb8c6
13.Qd6xd7 Ra8a7
14.Qd7xd8 Rf8xd8
15.Be2f3 Bg7e5
16.Rd1xd8 Nc6xd8
17.Rf1d1 Nd8c6
18.Nc3d5 { time. }
0-1

[Event "Tourn. n9125"]
[Site "www.chess-mail.com"]
[Date "2017.02.26"]
[Round "1"]
[White "Luban"]
[Black "Genius3"]
[WhiteElo "2060"]
[BlackElo "1850"]
[Result "1-0"]
[Round "1"]
1.d4 Ng8f6
2.c4 e6
3.e3 Bf8b4
4.Bc1d2 Bb4xd2
5.Qd1xd2 Nf6e4
6.Qd2c2 f5
7.d5 O-O
8.Bf1d3 exd5
9.cxd5 Qd8e7
10.Bd3xe4 fxe4
11.Nb1c3 Rf8e8
12.O-O-O d6
13.Nc3b5 Nb8a6
14.Nb5d4 Na6b4
15.Qc2d2 Nb4a6
16.h3 Na6c5
17.Kb1 Nc5d3
18.f3 Nd3c5
19.b4 Nc5a6
20.f4 Bc8d7
21.Ng1e2 Bd7a4
22.Rd1c1 c5
23.dxc6 bxc6
24.Nd4xc6 Ba4xc6
25.Rc1xc6 Qe7b7
26.Qd2d5 Kh8
27.a3 Na6c7
28.Qd5xd6 Nc7b5
29.Qd6c5 Nb5xa3
30.Kb2 Na3b5
31.Ne2d4 Nb5xd4
32.exd4 e3
33.Rh1e1 a5
34.b5 a4
35.Ka3 e2
36.Qc5c4 Qb7e7
37.Ka2 Qe7e4
38.b6 Qe4e3
39.Qc4c3 Qe3xf4
40.d5 a3
{ time. }
1-0

[Event "Match"]
[Site "www.echecsemail.com"]
[Date "2017.02.26"]
[Round "1"]
[White "Liencam2"]
[Black "Stevefillion"]
[WhiteElo "2350"]
[BlackElo "2370"]
[Result "0-1"]
[Round "1"]
1.e4 c5
2.Nb1c3 e6
3.Ng1f3 d6
4.d4 cxd4
5.Nf3xd4 Ng8f6
6.g4 Nb8c6
7.g5 Nf6d7
8.Bc1e3 Bf8e7
9.h4 O-O
10.Qd1e2 Nc6xd4
11.Be3xd4 a6
12.Bf1h3 b5
13.a3 Ra8b8
14.Qe2d2 Nd7e5
15.Bd4xe5 dxe5
16.O-O-O Qd8b6
17.Nc3a2 a5
18.Qd2c3 b4
19.axb4 axb4
20.Qc3e3 Be7c5
21.Qe3g3 Qb6a5
22.Kb1 Rb8a8
23.Qg3b3 Bc8b7
24.f3 Ra8a6
25.c3 bxc3
26.Na2xc3 Ra6b6
27.Qb3c2 Bc5d4
28.Kc1 Rf8c8
29.Kd2 Bd4xc3
30.bxc3 Rc8xc3
31.Qc2xc3 Rb6b2
{ resign }
0-1

[Event "Match"]
[Site "www.echecsemail.com"]
[Date "2017.02.26"]
[Round "1"]
[White "Genius9"]
[Black "Piriot"]
[WhiteElo "1610"]
[BlackElo "1909"]
[Result "0-1"]
[Round "1"]
1.d4 d6
2.e4 g6
3.g3 Bf8g7
4.Bf1g2 Nb8d7
5.Ng1e2 e5
6.O-O exd4
7.Ne2xd4 Ng8e7
8.Nb1c3 O-O
9.Bc1e3 Nd7e5
10.Qd1e2 Ne5g4
11.Ra1d1 Ng4xe3
12.Qe2xe3 Rf8e8
13.h3 Ne7c6
14.Nd4xc6 bxc6
15.Rf1e1 Ra8b8
16.Rd1b1 a5
17.f4 d5
18.e5 d4
{ resign }
0-1

[Event "Match"]
[Site "www.echecsemail.com"]
[Date "2017.02.26"]
[Round "1"]
[White "Micheles"]
[Black "Pdebonis"]
[WhiteElo "2600"]
[BlackElo "1499"]
[Result "0-1"]
[Round "1"]
1.d4 Ng8f6
2.Ng1f3 e6
3.Bc1g5 c5
4.e3 Nb8c6
5.Nb1d2 d5
6.c3 Bf8d6
7.Bf1d3 h6
8.Bg5h4 O-O
9.O-O b6
10.dxc5 bxc5
11.Qd1a4 Bc8d7
12.Bd3b5 Ra8c8
13.c4 Qd8e7
14.Rf1d1 Rf8d8
15.Bh4xf6 Qe7xf6
16.Ra1b1 Rc8c7
17.Qa4b3 Bd7c8
18.Kf1 Qf6f5
19.cxd5 exd5
20.Qb3a4 Bc8b7
21.e4 Qf5h5
22.exd5 Nc6d4
23.Bb5c4 Bd6xh2
24.Nf3xd4 cxd4
25.Nd2f3 Bh2d6
26.Kg1 g5
27.Rd1xd4 g4
28.Bc4e2 f5
{ resign }
0-1

[Event "Match"]
[Site "www.echecsemail.com"]
[Date "2017.02.26"]
[Round "1"]
[White "Nimzo"]
[Black "Gimmyg"]
[WhiteElo "2610"]
[BlackElo "2540"]
[Result "1-0"]
[Round "1"]
1.d4 Ng8f6
2.c4 e6
3.Ng1f3 b6
4.g3 Bc8a6
5.b3 Bf8b4
6.Bc1d2 Bb4e7
7.Bf1g2 O-O
8.O-O d6
9.Nb1c3 Ba6b7
10.d5 exd5
11.Nf3d4 c5
12.Nd4f5 Nb8c6
13.cxd5 Nc6e5
14.f4 Ne5g6
15.e4 Rf8e8
16.Qd1c2 Be7f8
17.a4 Ng6e7
18.Nf5e3 Qd8d7
19.Nc3d1 Ra8d8
20.Nd1f2 Ne7g6
21.Bd2c3 Bf8e7
22.Ra1d1 Be7f8
23.Qc2b2 h5
24.Bc3xf6 gxf6
25.Qb2xf6 Bf8e7
26.Qf6b2 Bb7a6
27.Ne3f5 Be7f8
28.Qb2f6 Ba6e2
29.Rd1e1 Be2xf1
30.Re1xf1 Kh7
31.Qf6g5 { resign }
1-0

[Event "Match"]
[Site "www.echecsemail.com"]
[Date "2017.02.26"]
[Round "1"]
[White "Genius7"]
[Black "Chapi"]
[WhiteElo "1950"]
[BlackElo "2090"]
[Result "1-0"]
[Round "1"]
1.e4 c5
2.b3 Nb8c6
3.Bc1b2 e6
4.Ng1f3 Bf8e7
5.Bb2xg7 Be7f6
6.Bg7xf6 Qd8xf6
7.Nb1c3 a6
8.Bf1e2 b5
9.Ra1b1 { resign }
1-0

[Event "Match"]
[Site "www.echecsemail.com"]
[Date "2017.02.26"]
[Round "1"]
[White "Wd40"]
[Black "Yaw1"]
[WhiteElo "2429"]
[BlackElo "1809"]
[Result "1-0"]
[Round "1"]
1.e4 d6
2.d4 g6
3.Nb1c3 Bf8g7
4.f4 f5
5.Ng1f3 Nb8c6
6.d5 Nc6a5
7.e5 e6
8.b4 dxe5
9.fxe5 exd5
10.Bc1g5 Qd8d7
11.Qd1xd5 Na5c6
12.Ra1d1 Nc6xb4
13.Qd5b3 Nb4xc2
14.Qb3xc2 Qd7e6
15.Nc3b5 Bg7xe5
16.Rd1d8 Kf7
17.Bf1c4 Be5c3
18.Kd1 Qe6xc4
19.Nf3e5 Bc3xe5
20.Qc2xc4  { time }
1-0

[Event "Match"]
[Site "www.echecsemail.com"]
[Date "2017.02.26"]
[Round "1"]
[White "Genius3"]
[Black "Ericleo1980"]
[WhiteElo "1860"]
[BlackElo "2130"]
[Result "0-1"]
[Round "1"]
1.d4 Ng8f6
2.c4 e6
3.Nb1c3 d5
4.cxd5 exd5
5.Bc1g5 c6
6.e3 Bf8d6
7.Ng1f3 Bc8g4
8.Bf1e2 Nb8d7
9.h3 Bg4h5
10.O-O O-O
11.Bg5xf6 Qd8xf6
12.Nf3d2 Bh5g6
13.a3 a5
14.Nd2f3 Rf8e8
15.Be2d3 Bg6h5
16.Bd3e2 Re8e7
17.Nf3d2 Bh5g6
18.Be2f3 Ra8e8
19.Rf1e1 Qf6h4
20.Nd2f1 Nd7f6
21.Nf1d2 { time. }
0-1

[Event "Match"]
[Site "www.echecsemail.com"]
[Date "2017.02.26"]
[Round "1"]
[White "Azorau"]
[Black "Fangshuo"]
[WhiteElo "1820"]
[BlackElo "2000"]
[Result "0-1"]
[Round "1"]
1.c4 e5
2.Nb1c3 Ng8f6
3.d4 exd4
4.Qd1xd4 Nb8c6
5.Qd4d1 Bf8c5
6.Bc1g5 Bc5xf2
7.Kxf2 Nf6g4
8.Ke1 Qd8xg5
9.Ng1f3 Qg5a5
10.Qd1d3 O-O
11.h4 Qa5b6
12.Nf3g5 Qb6f2
13.Kd1 g6
14.Nc3e4 Qf2f5
15.Ne4g3 Qf5xd3
16.exd3 Ng4f2
17.Kd2 Nf2xh1
18.Ng3xh1 d6
19.g3 Nc6e5
20.Bf1g2 c6
21.Kc3 f6
22.Ng5e4 Bc8f5
23.d4 Ne5xc4
24.Ne4d2 Nc4xd2
25.Kxd2 d5
26.Nh1f2 Rf8e8
27.g4 Bf5e4
28.Bg2h3 a5
29.a4 Ra8a6
30.Kc3 Ra6b6
31.g5 f5
32.Bh3f1 Be4f3
33.Ra1b1 Re8e3
34.Kd2 Rb6b3
35.Nf2d3 Re3e4
36.Nd3c5 Re4xd4
37.Bf1d3 Rb3b4
38.b3 Bf3e4
39.Ke3 Be4xd3
40.Nc5xd3 Rd4e4
41.Kf3 Rb4d4
42.Nd3c5 Re4f4
43.Ke3 b6
44.Nc5e6 Rd4e4
45.Kd3 Re4xe6
{ resign }
0-1

[Event "1/64 Finale"]
[Site "www.chess-mail.com"]
[Date "2017.02.26"]
[Round "1"]
[White "Bojan"]
[Black "Sbb"]
[WhiteElo "2020"]
[BlackElo "2600"]
[Result "1-0"]
[Round "1"]
1.e4 e5
2.Ng1f3 Nb8c6
3.Bf1c4 Bf8c5
4.a3 d6
5.h3 Ng8f6
6.Qd1e2 O-O
7.Nb1c3 Nc6d4
8.Qe2d3 Rf8e8
9.Nc3a4  { time }
1-0

[Event "1/16 Finale"]
[Site "www.chess-mail.com"]
[Date "2017.02.26"]
[Round "1"]
[White "George1955"]
[Black "Ingauno64"]
[WhiteElo "2720"]
[BlackElo "2660"]
[Result "1-0"]
[Round "1"]
1.e4 e6
2.d4 d5
3.Nb1c3 h6
4.Bf1d3 Nb8c6
5.Ng1f3 Nc6b4
6.exd5 Nb4xd3
7.Qd1xd3 exd5
8.Qd3e2 Bf8e7
9.O-O Ng8f6
10.Rf1e1 c6
11.Nf3e5 Bc8e6
12.Bc1f4 O-O
13.Ne5xf7 { resign }
1-0

[Event "Fast Game"]
[Site "www.echecsemail.com"]
[Date "2017.02.26"]
[Round "1"]
[White "Genius3"]
[Black "Sonfamen"]
[WhiteElo "1499"]
[BlackElo "1599"]
[Result "0-1"]
[Round "1"]
1.e4 c5
2.d4 e6
3.Ng1f3 Nb8c6
4.c3 Qd8b6
5.Bf1e2 d6
6.O-O cxd4
7.cxd4 Bc8d7
8.Nb1c3 g6
9.a3 Bf8e7
10.b4 Be7f6
11.Bc1b2 Nc6xd4
12.Nf3xd4 Bf6xd4
13.Qd1d2 Bd4xc3
14.Qd2xc3 { time. }
0-1

[Event "Tourn. n9246"]
[Site "www.chess-mail.com"]
[Date "2017.02.27"]
[Round "1"]
[White "Pdebonis"]
[Black "Prize640"]
[WhiteElo "2460"]
[BlackElo "2400"]
[Result "1-0"]
[Round "1"]
1.e4 c5
2.Ng1f3 Nb8c6
3.Bf1b5 Ng8f6
4.Nb1c3 Qd8c7
5.d3 Nc6d4
6.Bb5a4 e6
7.O-O Nf6g4
8.g3 h5
9.Nf3xd4 cxd4
10.Nc3b5 Qc7b6
11.h3 Ng4f6
12.Bc1f4 { resign }
1-0

[Event "Tourn. n9249"]
[Site "www.chess-mail.com"]
[Date "2017.02.27"]
[Round "1"]
[White "Sonfamen"]
[Black "Norlavuaram"]
[WhiteElo "2119"]
[BlackElo "2090"]
[Result "0-1"]
[Round "1"]
1.e4 e5
2.Bf1c4 Nb8c6
3.Ng1f3 Bf8e7
4.c3 Ng8f6
5.O-O O-O
6.Qd1c2 d6
7.d4 Bc8g4
8.Nb1d2 Kh8
9.h3 Bg4h5
 { time }
0-1

[Event "Tourn. n9166"]
[Site "www.chess-mail.com"]
[Date "2017.02.27"]
[Round "1"]
[White "Forest"]
[Black "Actmy"]
[WhiteElo "1820"]
[BlackElo "2040"]
[Result "0-1"]
[Round "1"]
1.e4 Ng8f6
2.e5 Nf6d5
3.d4 d6
4.c4 Nd5b6
5.exd6 cxd6
6.Nb1c3 Nb8c6
7.h3 g6
8.Bc1e3 Bf8g7
9.Ng1f3 O-O
10.Bf1e2 e5
11.d5 Nc6e7
12.O-O f5
13.Be3xb6 Qd8xb6
14.Qd1d2 Bc8d7
15.Ra1c1 Ra8c8
16.Rf1d1 h6
17.b3 g5
18.Qd2c2 g4
19.hxg4 fxg4
20.Nf3d2 Qb6xf2
21.Kh1 Qf2h4
22.Kg1 e4
23.Nd2b1 g3
{ resign }
0-1

[Event "Tourn. n9199"]
[Site "www.chess-mail.com"]
[Date "2017.02.27"]
[Round "1"]
[White "Guidom"]
[Black "Genius3"]
[WhiteElo "2030"]
[BlackElo "1930"]
[Result "1-0"]
[Round "1"]
1.e4 g6
2.d4 Bf8g7
3.c3 d5
4.e5 h5
5.f4 Ng8h6
6.Bf1d3 c6
7.Ng1f3 Bc8f5
8.O-O Bf5xd3
9.Qd1xd3 O-O
10.Bc1e3 Nh6f5
11.Nb1d2 Nf5xe3
12.Qd3xe3 Nb8d7
13.e6 fxe6
14.Qe3xe6 Kh7
15.Nf3g5 Kh8
16.Ng5f7 Rf8xf7
17.Qe6xf7 Qd8e8
18.Qf7xe8 Ra8xe8
19.Ra1e1 Bg7f6
20.Nd2f3 Kg7
21.Nf3e5 Bf6xe5
22.fxe5 e6
23.Rf1f4 Re8f8
24.Re1f1 Rf8xf4
25.Rf1xf4 { resign }
1-0

[Event "Tourn. n9170"]
[Site "www.chess-mail.com"]
[Date "2017.02.27"]
[Round "1"]
[White "Szustan"]
[Black "Gimmyg"]
[WhiteElo "2670"]
[BlackElo "2530"]
[Result "1/2-1/2"]
[Round "1"]
1.e4 c5
2.c3 Ng8f6
3.e5 Nf6d5
4.d4 cxd4
5.Ng1f3 Nb8c6
6.Bf1c4 Nd5b6
7.Bc4b3 d5
8.exd6 Qd8xd6
9.O-O g6
10.Nb1a3 a6
11.Na3c2 dxc3
12.Qd1xd6 exd6
13.Rf1e1 Bf8e7
14.bxc3 O-O
15.Bc1e3 Nb6d7
16.Be3h6 Rf8e8
17.Nf3g5 Nc6d8
18.Nc2b4 Nd7f6
19.Ng5e4 Nd8e6
20.Ne4xf6 Be7xf6
21.Nb4d5 Bf6g7
22.Bh6xg7 Kxg7
23.Nd5b6 Ra8b8
24.Ra1d1 Ne6c7
25.Re1xe8 Nc7xe8
26.Rd1e1 Kf8
27.h3 Ne8f6
28.g4 h6
29.Kg2 Bc8e6
30.Bb3xe6 Rb8e8
31.Nb6c4 Re8xe6
32.Re1xe6 fxe6
33.Nc4xd6 b5
34.Kf3 Ke7
35.Nd6e4 { draw }
1/2-1/2

[Event "Tourn. n9245"]
[Site "www.chess-mail.com"]
[Date "2017.02.27"]
[Round "1"]
[White "Attatroll"]
[Black "Sonfamen"]
[WhiteElo "1950"]
[BlackElo "2119"]
[Result "1-0"]
[Round "1"]
1.e4 c5
2.Nb1c3 e6
3.g4 g5
4.Bf1g2 Nb8c6
5.d3 Bf8g7
6.Nc3e2 Qd8b6
7.h3 Bg7xb2
8.Bc1xb2 f6
9.Ra1b1  { time }
1-0

[Event "Tourn. n9139"]
[Site "www.chess-mail.com"]
[Date "2017.02.27"]
[Round "1"]
[White "Luban"]
[Black "Genius3"]
[WhiteElo "2060"]
[BlackElo "1870"]
[Result "1-0"]
[Round "1"]
1.d4 d5
2.Ng1f3 Ng8f6
3.h3 e6
4.e3 c5
5.c4 Nb8c6
6.a3 cxd4
7.exd4 Bf8e7
8.Bc1e3 O-O
9.Nb1c3 a6
10.Bf1d3 dxc4
11.Bd3xc4 b5
12.Bc4d3 Bc8b7
13.O-O Nc6a5
14.b4 Na5c4
15.Bd3xc4 bxc4
16.Nf3e5 Ra8c8
17.Qd1e2 Bb7d5
18.Ra1c1 Rf8e8
19.Nc3a4 Be7d6
20.Ne5xc4 Bd5xc4
21.Rc1xc4 Rc8xc4
22.Qe2xc4 Qd8d7
23.Rf1c1 Qd7b5
24.Qc4xb5 axb5
25.Na4c5 Bd6xc5
26.dxc5 Nf6d5
27.Be3g5 h6
28.Bg5h4 g5
29.Bh4g3 f5
30.Bg3e5 Re8a8
31.c6 Ra8c8
32.Kf1 Nd5b6
33.c7 Nb6c4
34.Rc1xc4 bxc4
35.b5 c3
36.b6 c2
37.Be5b2 Kf7
38.b7 { resign }
1-0

[Event "Tourn. n9156"]
[Site "www.chess-mail.com"]
[Date "2017.02.27"]
[Round "1"]
[White "Bronstein70"]
[Black "Greghghs"]
[WhiteElo "2350"]
[BlackElo "2390"]
[Result "1/2-1/2"]
[Round "1"]
1.e4 c6
2.d3 d5
3.Nb1d2 e5
4.Ng1f3 Bf8d6
5.g3 Ng8f6
6.Bf1g2 O-O
7.O-O Rf8e8
8.Rf1e1 Nb8d7
9.c4 d4
10.Nd2b3 a5
11.a4 h6
12.Bc1d2 c5
13.Nf3h4 Nd7f8
14.Nh4f5 b6
15.Nf5xd6 Qd8xd6
16.f4 Bc8g4
17.Qd1c2 Bg4d7
18.fxe5 Qd6xe5
19.Bd2f4 Qe5h5
20.e5 Nf6h7
21.Bg2xa8 Re8xa8
22.Qc2g2 Ra8e8
23.Qg2b7 Re8e6
24.Re1f1 Bd7c6
25.Qb7xb6 Nh7f6
26.Nb3xc5 Nf6g4
27.h4 Ng4xe5
28.Nc5xe6 Qh5e2
29.Rf1f2 Ne5f3
{ draw }
1/2-1/2

[Event "Tourn. n9142"]
[Site "www.chess-mail.com"]
[Date "2017.02.27"]
[Round "1"]
[White "Aperturaf"]
[Black "Woadman62"]
[WhiteElo "2380"]
[BlackElo "2620"]
[Result "1/2-1/2"]
[Round "1"]
1.e4 e5
2.Ng1f3 Ng8f6
3.Nf3xe5 d6
4.Ne5f3 Nf6xe4
5.d4 d5
6.Bf1d3 Nb8c6
7.O-O Bf8e7
8.c4 Nc6b4
9.Bd3e2 O-O
10.Nb1c3 Bc8e6
11.Nf3e5 c5
12.Nc3xe4 dxe4
13.d5 Be6c8
14.a3 Nb4a6
15.Qd1c2 f6
16.Ne5g4 f5
17.Ng4e5 Qd8c7
18.f4 Na6b8
19.Bc1e3 Nb8d7
20.Ra1d1 a5
21.b3 Rf8e8
22.g4 Be7d6
23.gxf5 Nd7xe5
24.fxe5 Bd6xe5
25.Be2h5 Re8f8
26.Qc2xe4 Be5xh2
27.Kh1 Ra8a6
28.Rf1f3 Ra6f6
29.Bh5g4 Bh2e5
30.Rd1e1 Be5d4
31.Be3g5 Rf6a6
32.Kg2 Bd4f6
33.Bg5f4 Qc7f7
34.Rf3h3 a4
35.d6 Bc8d7
36.Bg4h5 Bd7c6
37.Qe4xc6 bxc6
38.Bh5xf7 Kxf7
39.Rh3d3 Rf8d8
40.Kf3 h5
41.Re1e4 g6
42.fxg6 Kxg6
43.bxa4 Ra6xa4
44.d7 Ra4a7
45.Re4e6 Ra7xd7
46.Rd3xd7 Rd8xd7
47.Re6xc6 Rd7d3
48.Ke2 Rd3d4
49.Ke3 Rd4d1
50.a4 h4
51.a5 h3
52.a6 Rd1a1
53.Ke4 { draw }
1/2-1/2

[Event "Tourn. n9094"]
[Site "www.chess-mail.com"]
[Date "2017.02.27"]
[Round "1"]
[White "Fabos12"]
[Black "B0zata"]
[WhiteElo "2090"]
[BlackElo "2260"]
[Result "0-1"]
[Round "1"]
1.Ng1f3 d5
2.d4 Ng8f6
3.Bc1f4 Bc8g4
4.e3 Bg4xf3
5.gxf3 e6
6.c4 Bf8d6
7.Bf4xd6 cxd6
8.Nb1c3 dxc4
9.Bf1xc4 a6
10.Qd1b3 Qd8c7
11.Bc4xe6 fxe6
12.Qb3xe6 Kf8
13.e4 Nb8c6
14.O-O-O Ra8e8
15.Qe6f5 Qc7f7
16.Rd1g1 g6
17.Qf5h3 Nc6xd4
18.Rg1d1 Nd4b5
19.Nc3xb5 axb5
20.Rd1xd6 Nf6xe4
21.fxe4 Qf7f4
22.Rd6d2 Kf7
23.Qh3b3 Kg7
24.Qb3e3 Re8xe4
25.Qe3c3 Kh6
26.Kb1 Re4c4
27.Qc3e3 Qf4xe3
28.fxe3 Rh8e8
29.Rd2d3 b4
30.b3 Rc4e4
31.Rh1e1 Kh5
32.Rd3d7 Re8e7
33.Rd7xe7 Re4xe7
34.Kc2 Kg4
35.Kd3 Kf3
36.Kc4 Re7e4
37.Kb5 g5
38.Kb6 Re4xe3
39.Re1f1 Kg2
40.Rf1f7 h5
41.Rf7f5 Re3e6
42.Kxb7 Re6g6
43.h4 gxh4
44.Rf5xh5 h3
45.Rh5d5 h2
46.Rd5d2 Kh3
47.Rd2d1 Rg6f6
48.Rd1d3 Kg2
49.Rd3d2 Kg1
50.Rd2d1 Rf6f1
 { time }
0-1

[Event "Match"]
[Site "www.echecsemail.com"]
[Date "2017.02.27"]
[Round "1"]
[White "Hundegana"]
[Black "Sonfamen"]
[WhiteElo "2090"]
[BlackElo "1809"]
[Result "1-0"]
[Round "1"]
1.e4 c5
2.Bf1c4 e6
3.g3 a6
4.a4 d5
5.exd5 exd5
6.Qd1e2 Bf8e7
7.Bc4a2 Nb8c6
8.h3 Nc6d4
9.Qe2d1  { time }
1-0

[Event "Match"]
[Site "www.echecsemail.com"]
[Date "2017.02.27"]
[Round "1"]
[White "Sonfamen"]
[Black "Irene"]
[WhiteElo "1809"]
[BlackElo "2150"]
[Result "0-1"]
[Round "1"]
1.f4 d5
2.Ng1f3 Ng8f6
3.d3 e6
4.a3 Bf8c5
5.Bc1d2 O-O
6.Nf3e5 Nb8d7
7.e3 d4
 { time }
0-1

[Event "Match"]
[Site "www.echecsemail.com"]
[Date "2017.02.27"]
[Round "1"]
[White "Karlgrocer"]
[Black "Sonfamen"]
[WhiteElo "2040"]
[BlackElo "1809"]
[Result "1-0"]
[Round "1"]
1.Ng1f3 d5
2.d4 g6
3.e3 b6
4.Bf1e2 Bc8b7
5.O-O Bf8g7
6.Nb1d2 Ng8f6
7.b3 c5
8.Bc1b2  { time }
1-0

[Event "Match"]
[Site "www.echecsemail.com"]
[Date "2017.02.27"]
[Round "1"]
[White "Silent1"]
[Black "Sonfamen"]
[WhiteElo "1920"]
[BlackElo "1809"]
[Result "1-0"]
[Round "1"]
1.d4 Ng8f6
2.c4 b6
3.Nb1c3 Bc8b7
4.e3 e6
5.Ng1f3 Bf8e7
6.Bf1d3 Nb8c6
7.O-O d6
8.a3 g6
9.b4 e5
10.d5  { time }
1-0

[Event "Match"]
[Site "www.echecsemail.com"]
[Date "2017.02.27"]
[Round "1"]
[White "Yaw1"]
[Black "Canario"]
[WhiteElo "1809"]
[BlackElo "1800"]
[Result "0-1"]
[Round "1"]
1.e4 e5
2.Ng1f3 Nb8c6
3.Bf1c4 h6
4.c3 d6
5.d4 Bc8g4
6.h3 Bg4xf3
7.Qd1xf3 Qd8f6
8.Qf3e3 exd4
9.cxd4 Qf6xd4
10.Qe3b3 O-O-O
11.Bc4xf7 Qd4xe4
12.Bc1e3 Ng8f6
13.O-O a6
14.Nb1c3 Qe4b4
15.a3 Qb4xb3
 { time }
0-1

[Event "Match"]
[Site "www.echecsemail.com"]
[Date "2017.02.27"]
[Round "1"]
[White "Forest"]
[Black "Ranjachess"]
[WhiteElo "1760"]
[BlackElo "1680"]
[Result "0-1"]
[Round "1"]
1.d4 d5
2.c4 Ng8f6
3.cxd5 Qd8xd5
4.Nb1c3 Qd5a5
5.Bc1d2 e6
6.e3 Bc8d7
7.Ng1f3 Bf8d6
8.Nc3e4 Bd6b4
9.Ne4xf6 gxf6
10.Bd2xb4 Qa5xb4
11.Qd1d2 Nb8c6
12.a3 Qb4xd2
13.Kxd2 O-O-O
14.Bf1d3 Nc6a5
15.Ke2 Bd7c6
16.b4 Bc6xf3
17.Kxf3 Na5b3
18.Ra1a2 e5
19.Bd3c4 Nb3xd4
20.exd4 Rd8xd4
21.Bc4xf7 Rd4f4
22.Ke2 f5
23.f3 Kd8
24.Rh1d1 Ke7
25.Bf7b3 Rf4d4
26.Rd1xd4 exd4
27.Kd3 Rh8d8
28.Ra2e2 Kf6
29.Re2e6 Kg5
30.g3 h5
31.h3 f4
32.Re6e5 Kf6
33.gxf4 h4
34.Re5d5 Rd8xd5
35.Bb3xd5 Kf5
36.Bd5xb7 Kxf4
37.Kxd4 Kg3
38.Ke5 Kxh3
39.f4 Kg3
40.f5 { time. }
0-1

[Event "Match"]
[Site "www.echecsemail.com"]
[Date "2017.02.27"]
[Round "1"]
[White "Forest"]
[Black "Juodivarnai"]
[WhiteElo "1760"]
[BlackElo "2080"]
[Result "0-1"]
[Round "1"]
1.e4 e5
2.Ng1f3 Nb8c6
3.Bf1b5 a6
4.Bb5xc6 dxc6
5.d4 exd4
6.Qd1xd4 Qd8xd4
7.Nf3xd4 c5
8.Nd4e2 Bf8d6
9.Nb1c3 Ng8f6
10.Bc1f4 O-O
11.Bf4xd6 cxd6
12.f3 Bc8e6
13.O-O-O Rf8d8
14.Ne2f4 Be6d7
15.Rd1xd6 Bd7c6
16.Rh1d1 Rd8xd6
17.Rd1xd6 Kf8
18.e5 Nf6e8
19.Rd6d1 Ne8c7
20.Nf4d5 Nc7e6
21.g3 b5
22.f4 Ne6d4
23.Nd5e3 b4
24.Nc3d5 a5
25.c3 Nd4b5
26.Kc2 Ra8d8
27.Rd1d2 Ke8
28.Rd2d1 Rd8d7
29.cxb4 axb4
30.Nd5b6 Rd7b7
31.Ne3c4 Nb5d4
32.Kb1 Ke7
33.Rd1c1 { time. }
0-1

[Event "Match"]
[Site "www.echecsemail.com"]
[Date "2017.02.27"]
[Round "1"]
[White "Billyg"]
[Black "Sonny1000"]
[WhiteElo "1710"]
[BlackElo "1280"]
[Result "0-1"]
[Round "1"]
1.e4 e5
2.Ng1f3 f6
3.d4 d5
4.Bf1d3 dxe4
5.Bd3xe4 Nb8a6
6.O-O Ng8h6
7.a3 c6
8.h3 exd4
9.Nf3xd4 Na6c5
10.Be4f3 a5
11.Rf1e1 Bf8e7
12.Bc1e3 Nh6f5
13.Nd4xf5 Bc8xf5
14.Qd1e2 Nc5a4
15.Re1d1 Qd8c7
16.g4 Na4xb2
17.Rd1d2 Qc7e5
18.c3 Bf5d3
19.Qe2e1 Bd3e4
20.Bf3xe4 Qe5xe4
21.Rd2d4 Qe4f3
22.Nb1d2 Qf3xh3
23.Qe1e2 h5
24.Ra1b1 hxg4
25.f3 Qh3g3
26.Qe2g2 Qg3h4
27.Rb1xb2 Qh4e1
28.Qg2f1 Qe1xe3
29.Qf1f2 Qe3xc3
30.Nd2f1 g3
31.Qf2d2 Qc3xf3
32.Nf1h2 Rh8xh2
33.Qd2xh2 gxh2
34.Kxh2 Qf3xa3
35.Rb2e2 Kf7
{ resign }
0-1

[Event "Match"]
[Site "www.echecsemail.com"]
[Date "2017.02.27"]
[Round "1"]
[White "Mdesouza"]
[Black "Pdebonis"]
[WhiteElo "2370"]
[BlackElo "1759"]
[Result "0-1"]
[Round "1"]
1.e4 c5
2.Ng1f3 d6
3.d4 cxd4
4.Nf3xd4 Ng8f6
5.Nb1c3 g6
6.Bc1e3 Bf8g7
7.f3 O-O
8.Bf1c4 a6
9.Bc4b3 Nb8c6
10.Qd1d2 Nc6a5
11.Be3h6 Bg7xh6
12.Qd2xh6 e5
13.Nd4e2 b5
14.Bb3d5 Ra8a7
15.g4 b4
16.Nc3d1 Nf6xd5
17.exd5 f5
18.h3 fxg4
19.fxg4 Bc8d7
20.Nd1e3 Bd7b5
21.Rh1h2 Qd8b6
22.O-O-O Rf8f3
23.Kd2 Rf3xe3
24.b3 Re3xe2
25.Rh2xe2 Qb6d4
26.Ke1 Qd4c3
27.Re2d2 Qc3g3
28.Rd2f2 Ra7f7
{ resign }
0-1

[Event "Match"]
[Site "www.echecsemail.com"]
[Date "2017.02.27"]
[Round "1"]
[White "Pinehill"]
[Black "Coolant"]
[WhiteElo "2020"]
[BlackElo "2029"]
[Result "0-1"]
[Round "1"]
1.e4 Nb8c6
2.d4 d5
3.e5 f6
4.f4 Bc8f5
5.c3 e6
6.Ng1f3 Ng8h6
7.Bf1d3 Bf5e4
 { time }
0-1

[Event "Fast Game"]
[Site "www.echecsemail.com"]
[Date "2017.02.27"]
[Round "1"]
[White "Grimsby"]
[Black "Pellix84"]
[WhiteElo "1349"]
[BlackElo "1580"]
[Result "0-1"]
[Round "1"]
1.e4 c5
2.Ng1f3 Nb8c6
3.Bf1b5 Nc6d4
4.Nf3xd4 cxd4
5.c3 a6
6.Bb5a4 b5
7.Ba4c2 d5
8.exd5 Qd8xd5
9.O-O Bc8b7
10.f3 e6
11.Bc2e4 Qd5d7
12.Be4xb7 Qd7xb7
13.d3 Qb7b6
14.Kh1 Bf8d6
15.f4 Qb6c5
16.cxd4 Qc5xd4
17.Nb1c3 { time. }
0-1

[Event "Tourn. n9245"]
[Site "www.chess-mail.com"]
[Date "2017.02.28"]
[Round "1"]
[White "Sonfamen"]
[Black "Picifarkinca"]
[WhiteElo "1809"]
[BlackElo "1840"]
[Result "0-1"]
[Round "1"]
1.g3 e5
2.Bf1g2 d5
3.d3 c6
4.b3 Ng8f6
5.Ng1f3 Nb8d7
6.Bc1b2 Bf8d6
7.e3 O-O
8.Qd1e2 e4
 { time }
0-1